Las comunidades indígenas y los inicios de la economía de plantación moderna en Guatemala
Gorde:
| Egile nagusia: | |
|---|---|
| Formatua: | Texto |
| Argitaratua: |
s.l.:
s.e.
|
| Etiketak: |
Etiketa erantsi
Etiketarik gabe, Izan zaitez lehena erregistro honi etiketa jartzen!
|
MARC
| LEADER | 00000 a a2200000 04500 | ||
|---|---|---|---|
| 001 | 23698 | ||
| 003 | |||
| 040 | |||
| 090 | |a 165700 | ||
| 100 | |a Castellanos Cambranes, Julio | ||
| 245 | |a Las comunidades indígenas y los inicios de la economía de plantación moderna en Guatemala | ||
| 260 | |a s.l.: |b s.e. | ||
| 300 | |a 26 p. | ||
| 999 | |c 15846 |d 15846 | ||
